A Course in Electrical Engineering Materials (Record no. 169840)

MARC details
000 -LEADER
fixed length control field 00438nam a2200181Ia 4500
008 - FIXED-LENGTH DATA ELEMENTS--GENERAL INFORMATION
fixed length control field 240823s9999||||xx |||||||||||||| ||und||
082 ## - DEWEY DECIMAL CLASSIFICATION NUMBER
-- 621.3028 P4
100 ## - MAIN ENTRY--PERSONAL NAME
Personal name Seth S P
245 #2 - TITLE STATEMENT
Title A Course in Electrical Engineering Materials
250 ## - EDITION STATEMENT
Edition statement 3rd
260 ## - PUBLICATION, DISTRIBUTION, ETC. (IMPRINT)
Date of publication, distribution, etc 2004
Name of publisher, distributor, etc "Dhanpat Rai,"
500 ## - GENERAL NOTE
General note YES
650 ## - SUBJECT ADDED ENTRY--TOPICAL TERM
Topical term or geographic name as entry element Electrical Engg.
942 ## - ADDED ENTRY ELEMENTS (KOHA)
Item type Books
Holdings
Withdrawn status Lost status Damaged status Permanent location Current location Date acquired Source of acquisition Cost, normal purchase price Full call number Barcode Date last seen Koha item type
      CENTRAL LIBRARY, NOORUL ISLAM CENTRE FOR HIGHER EDUCATION CENTRAL LIBRARY, NOORUL ISLAM CENTRE FOR HIGHER EDUCATION 02/18/2005 Higginbothams Private Ltd 100.00 621.3028 P4 24121 08/23/2024 Books
Visitors:
Copyright © 2024 Central Library NICHE.  All rights reserved.